000 00530nam a22002057a 4500
005 20260129144708.0
008 230603b ||||| |||| 00| 0 eng d
020 _a0552136883
040 _cAL
041 _aeng
082 _223
_a823.914
_bGOWO
100 _aIris Gower
_9253151
245 _aOyster catchers
260 _aBritain
_bCorgi Books
_c1993
300 _a384p
_bPB
_c17x11cm
365 _2English
_b4.99
_c£
_d4.99
650 _aEnglish Fiction
_9119121
650 _aEnglish Literature
_9119122
942 _2ddc
_cDB
999 _c227391
_d227391